000 00756nas a2200253 4500
001 BR9701375
003 BR-BrBNA
005 20231205100032.0
007 ta
008 230509b bl.|||p| |||| 00| 00por d
040 _aBR-BrBNA
_bpor
_cBiblioteca Nacional de Agricultura
041 _a(Pt)
072 _aQ04
100 1 _aBenedet, H.D.
100 1 _aCarvalho, M.W.
245 1 _aCaracterizacao do leite de cabra no Estado de Santa Catarina, Brasil
650 _aLeite
650 _aCabra
650 _aComposicao Quimica
650 _aSanta Catarina
773 0 _tCiencia e Tecnologia de Alimentos (Brazil)
_xISSN 0101-2061
_g(Jul-Sep 1996), v. 16(2) p. 116-119
_wBR9701375
909 _a202311
_bLúcia
_c55
_dLúcia Elande
942 _2AGRIS
_n0
_cANA
999 _c154031
_d154031